000
00252nam a22000977a 4500
999
_c
533167
_d
533167
040
_c
jkjkh
245
_a
Ultimate Load Design of Concrete Structure
260
_a
London
_b
The Institute of Civil Engineering
_c
c1972
300
_a
104;p;
942
_2
ddc
_c
BK